000 01965nam a2200253Ia 4500
003 Ost
005 20260507074940.0
008 260507s9999||||xx |||||||||||||| ||und||
020 _a9957002511
040 _cfsecg
041 _aara
082 _a658.404
100 _aالحسيني، فلاح حسن
_eمؤلف
245 0 _aادارة المشروعات الصغيرة :
_bمدخل استراتيجي للمنافسة والتميز /
_c فلاح حسن الحسيني
260 _aعمان:
_bدار الشروق للنشر,
_c2006
300 _a335 صفحة؛
_c24 سم
504 _aبيبليوغرافيا ص.
520 _aاشتمل هذا الكتاب على اثنا عشر فصلاً، ليستعرض المفاهيم والأطر النظرية وليحدد مفهوم الريادية وأهميتها وخصاصها، وتصدى لموضوع المسؤولية الاجتماعية. غطي الإطار العام لدراسات الجدوى الاقتصادية والفنية واشتمل على مفاهيم استراتيجية والادارة الاستراتيجية، ويوضح آليات واجراءات عمليات التخطيط الاستراتيجي وتناول الجوانب التنظيمية وإعداد هياكل وتضمن عمليات الإدارة المالية في المشروعات الصغيرة وتناول الموارد البشرية. وجاء الفصل العاشر ليتناول الأنشطة التسويقية وصياغة الاستراتيجيات، وتناول حوسبة فعاليات هذه المشاريع إضافة إلى تناوله لموضوع حيوي وهو التجارة الإلكترونية وأخيراً تناول الرقابة على أنشطة المشروع وكيفية تقويم الأداء فيه.
653 _aادارة اعمال
653 _aادارة مشروع
653 _aتنفيذ مشروع
653 _aمشاريع
942 _cكتاب
999 _c41922
_d41922